[Event "World Blitz"]
[Site "Moscow RUS"]
[Date "2007.11.21"]
[Round "12"]
[White "Shirov, A."]
[Black "Mamedyarov, S."]
[Result "1/2-1/2"]
[WhiteElo "2739"]
[BlackElo "2752"]
[PlyCount "108"]
[EventDate "2007.11.21"]
[Source "www.chesslib.no"]
[SourceDate "2004.05.04"]

1. e4 e5 2. Nf3 Nc6 3. Bb5 a6 4. Ba4 d6 5. O-O Bd7 6. d4 exd4 7. Nxd4 b5 8. Nxc6 Bxc6 9. Bb3 Nf6 10. c4 Be7 11. Nc3 O-O 12. Re1 Re8 13. Bf4 Nd7 14. cxb5 axb5 15. Qh5 Rf8 16. Rad1 Nc5 17. Bc2 g6 18. Qh6 Bf6 19. a3 Ne6 20. Bc1 Bg7 21. Qh3 Re8 22. e5 d5 23. f4 f5 24. exf6 Qxf6 25. f5 Nd4 26. fxg6 hxg6 27. Rf1 Qe6 28. Qxe6+ Rxe6 29. Bd3 Rae8 30. Bf4 Nf5 31. Bxb5 Bd4+ 32. Kh1 Bxc3 33. Bxc6 Rxc6 34. bxc3 Rf8 35. g4 Ne7 36. Bg5 Rxf1+ 37. Rxf1 Re6 38. Bxe7 Rxe7 39. Rf6 Re1+ 40. Kg2 Rc1 41. Rxg6+ Kf7 42. Rc6 d4 43. Rxc7+ Ke6 44. Rc4 dxc3 45. g5 Kd5 46. Rc8 Ke6 47. h4 Kf5 48. Rc4 c2 49. a4 Kg6 50. a5 Kh5 51. a6 Ra1 52. Rxc2 Kxh4 53. Rc6 Kxg5 54. Kf3 Kf5 1/2-1/2

[Event "VII Gibtelecom Masters"]
[Site "Caleta ING"]
[Date "2009.02.04"]
[Round "9"]
[White "Gashimov, V."]
[Black "Milov, V."]
[Result "1/2-1/2"]
[WhiteElo "2723"]
[BlackElo "2669"]
[PlyCount "79"]
[EventDate "2009.01.27"]
[Source "www.chesslib.no"]
[SourceDate "2004.05.04"]

1. e4 e5 2. Nf3 Nc6 3. Bb5 a6 4. Ba4 d6 5. O-O Bd7 6. d4 Nxd4 7. Bxd7+ Qxd7 8. Nxd4 exd4 9. Qxd4 Ne7 10. Nc3 Nc6 11. Qd3 Be7 12. Bf4 O-O 13. Nd5 Kh8 14. Rfe1 Rae8 15. Rad1 Bd8 16. Bg3 h6 17. Qb3 Qc8 18. c4 Ne7 19. Ne3 Ng6 20. f3 Bf6 21. Nd5 Bh4 22. Qc3 Bxg3 23. hxg3 f5 24. exf5 Qxf5 25. f4 Qf7 26. Qd3 c6 27. Rxe8 Rxe8 28. Nc3 Ne7 29. Qxd6 Nf5 30. Qd7 Re7 31. Qc8+ Kh7 32. Rd8 g6 33. g4 Ne3 34. g5 h5 35. Rd4 Ng4 36. g3 Re8 37. Qd7 Re7 38. Qd8 c5 39. Rd2 Kg7 40. Nd5 1/2-1/2

[Event "FIDE GP"]
[Site "Dubai"]
[Date "2002.04.04"]
[Round "2.3"]
[White "Shirov, Alexei"]
[Black "Short, Nigel D"]
[Result "1-0"]
[WhiteElo "2715"]
[BlackElo "2663"]
[PlyCount "112"]
[EventDate "2002.04.03"]
[Source "ChessBase"]
[SourceDate "2002.08.12"]

1. e4 e5 2. Nf3 Nc6 3. Bb5 a6 4. Ba4 d6 5. O-O Bd7 6. d4 exd4 7. Nxd4 b5 8. Nxc6 Bxc6 9. Bb3 Nf6 10. Nc3 Be7 11. Re1 O-O 12. a4 Re8 13. Qf3 b4 14. Nd5 Nxd5 15. exd5 Bd7 16. Bd2 Bf6 17. Bxb4 Bxb2 18. Rxe8+ Bxe8 19. Re1 a5 20. Bd2 Be5 21. g3 Bd7 22. h4 Qf6 23. Qxf6 Bxf6 24. Re4 h6 25. Rc4 Ra7 26. h5 Kf8 27. Kg2 Ke7 28. g4 Kd8 29. Kg3 Be7 30. Bc3 f6 31. f4 Be8 32. Re4 Bf8 33. Bd2 f5 34. Re1 fxg4 35. Kxg4 Bd7+ 36. f5 Be7 37. Bc3 Bf6 38. Bxf6+ gxf6 39. Kf3 Rb7 40. Rg1 Bxf5 41. Rg8+ Ke7 42. Kf4 Bd7 43. Rg7+ Ke8 44. Rh7 Rb4+ 45. Ke3 Bxa4 46. Bxa4+ Rxa4 47. Rxh6 Rh4 48. Rh8+ Kd7 49. Kf3 f5 50. Kg3 Rg4+ 51. Kf3 a4 52. Ra8 Rh4 53. Kg3 Rxh5 54. Rxa4 Rh1 55. Rd4 Rf1 56. Rd3 Kc8 1-0

[Event "Pamplona"]
[Site "?"]
[Date "1999.??.??"]
[Round "?"]
[White "Short, N."]
[Black "Timman, J."]
[Result "1-0"]
[WhiteElo "2675"]
[BlackElo "2650"]
[PlyCount "73"]
[EventDate "1999.??.??"]
[Source "Chess Informant"]
[SourceDate "1999.10.01"]

1. e4 e5 2. Nf3 Nc6 3. Bb5 a6 4. Ba4 d6 5. O-O Bg4 6. h3 h5 7. d4 b5 8. Bb3 Nxd4 9. hxg4 hxg4 10. Ng5 Nh6 11. f4 c6 12. g3 Nxb3 13. cxb3 exf4 14. gxf4 Qd7 15. f5 d5 16. Bf4 O-O-O 17. Nc3 Bd6 18. Qd4 Bxf4 19. Rxf4 Qc7 20. Qf2 d4 21. Ne2 d3 22. Ng3 Kb7 23. Qe3 d2 24. Rff1 Rd7 25. Rad1 Rhd8 26. Qf4 Qb6+ 27. Rf2 Rd3 28. Kg2 Qd4 29. e5 Qxb2 30. N5e4 R8d5 31. f6 Rf3 32. Rxf3 gxf3+ 33. Kxf3 Qxa2 34. fxg7 Qxb3+ 35. Ke2 Qc4+ 36. Kf2 Qd4+ 37. Kg2 1-0

[Event "Tal mem"]
[Site "Riga"]
[Date "1995.??.??"]
[Round "2"]
[White "Short, Nigel D"]
[Black "Jussupow, Artur"]
[Result "1/2-1/2"]
[WhiteElo "2655"]
[BlackElo "2660"]
[PlyCount "59"]
[EventDate "1995.04.??"]
[Source "ChessBase"]

1. e4 e5 2. Nf3 Nc6 3. Bb5 a6 4. Ba4 d6 5. O-O Bd7 6. d4 Nxd4 7. Bxd7+ Qxd7 8. Nxd4 exd4 9. Qxd4 Ne7 10. Nc3 Nc6 11. Qe3 Be7 12. Nd5 O-O 13. Qb3 Rab8 14. Be3 Rfe8 15. Rad1 Bd8 16. f3 b5 17. Bf2 Ne5 18. Qc3 c6 19. Ne3 Bf6 20. Qd2 Nc4 21. Nxc4 bxc4 22. b3 cxb3 23. axb3 Re6 24. Qa5 Qc8 25. Rd3 d5 26. Bg3 Rb5 27. Qd2 h5 28. h4 Qe8 29. Qd1 Qe7 30. exd5 1/2-1/2

[Event "Camp. russo a squadre 2007"]
[Site "Sochi RUS"]
[Date "2007.05.06"]
[Round "5"]
[White "Karjakin, Sergey"]
[Black "Najer, E."]
[Result "1/2-1/2"]
[WhiteElo "2686"]
[BlackElo "2624"]
[PlyCount "76"]
[EventDate "2007.05.02"]
[Source "www.chesslib.no"]
[SourceDate "2004.05.04"]

1. e4 e5 2. Nf3 Nc6 3. Bb5 a6 4. Ba4 d6 5. O-O Bg4 6. h3 h5 7. Bxc6+ bxc6 8. d4 Bxf3 9. Qxf3 exd4 10. c3 dxc3 11. Nxc3 Qd7 12. Be3 Be7 13. Rfe1 g5 14. Bd4 Rh6 15. Nd1 g4 16. hxg4 hxg4 17. Qf4 Rg6 18. Ne3 g3 19. fxg3 c5 20. Bc3 Bg5 21. Qf1 Bxe3+ 22. Rxe3 Nh6 23. Rf3 Qb5 24. Rf6 Qxf1+ 25. Raxf1 Rxf6 26. Rxf6 Ng8 27. Rf3 Ne7 28. g4 Nc6 29. Bf6 Rb8 30. g5 Rb4 31. Rf4 Ne5 32. Bxe5 dxe5 33. Rf6 Rxb2 34. Rxa6 Rb4 35. Rc6 Kd7 36. Rf6 Ke7 37. Rc6 Kd7 38. Rf6 Ke7 1/2-1/2

[Event "Garmisch"]
[Site "Garmisch"]
[Date "1994.??.??"]
[Round "13"]
[White "Huebner, Robert"]
[Black "Jussupow, Artur"]
[Result "1/2-1/2"]
[WhiteElo "2605"]
[BlackElo "2655"]
[PlyCount "103"]
[EventDate "1994.??.??"]
[Source "ChessBase"]

1. e4 e5 2. Nf3 Nc6 3. Bb5 a6 4. Ba4 d6 5. O-O Bg4 6. h3 h5 7. Bxc6+ bxc6 8. d3 Qf6 9. Nbd2 g5 10. Nc4 Bxf3 11. Qxf3 Qxf3 12. gxf3 Ne7 13. Kh2 Bh6 14. Rg1 f6 15. h4 Rg8 16. Bd2 Kd7 17. Rg3 gxh4 18. Rxg8 Nxg8 19. Rg1 Bxd2 20. Nxd2 Ne7 21. Rg7 Rg8 22. Rh7 Kd8 23. f4 Ng6 24. fxe5 fxe5 25. Rxh5 Nf4 26. Rxh4 Rg2+ 27. Kh1 Rxf2 28. Rh2 Rxh2+ 29. Kxh2 c5 30. Kg3 Ne2+ 31. Kf2 Nd4 32. c3 Ne6 33. Ke3 Kd7 34. Nc4 Kc6 35. Kd2 Nf4 36. Kc2 Kb7 37. a3 Kc6 38. Ne3 Kb5 39. b3 Kc6 40. Ng4 Kb5 41. Nf6 Kc6 42. b4 cxb4 43. axb4 Kb5 44. Ne8 Kb6 45. d4 Nh5 46. dxe5 dxe5 47. Kd3 Kc6 48. Kc4 Kd7 49. Nxc7 Kxc7 50. Kd5 Nf6+ 51. Kxe5 Nd7+ 52. Kd4 1/2-1/2

[Event "Moscow RUS"]
[Site "?"]
[Date "2006.02.14"]
[Round "7"]
[White "Vachier Lagrave Maxime"]
[Black "Mamedyarov Shakhriyar"]
[Result "1/2-1/2"]
[WhiteElo "2542"]
[BlackElo "2709"]
[PlyCount "42"]
[EventDate "2006.??.??"]
[Source "www.chesslib.no"]
[SourceDate "2004.05.04"]

1. e4 e5 2. Nf3 Nc6 3. Bb5 a6 4. Ba4 d6 5. O-O Bd7 6. d4 exd4 7. Nxd4 b5 8. Nxc6 Bxc6 9. Bb3 Nf6 10. Nc3 Be7 11. Re1 O-O 12. a4 Re8 13. Qd3 Rb8 14. Bg5 Nd7 15. axb5 axb5 16. Bxe7 Rxe7 17. Nd5 Re5 18. Nb4 Bxe4 19. Rxe4 Nc5 20. Nc6 Nxd3 21. Nxd8 Rxe4 1/2-1/2

[Event "Selfoss"]
[Site "?"]
[Date "2003.??.??"]
[Round "?"]
[White "De Firmian, N."]
[Black "Sokolov, I."]
[Result "0-1"]
[WhiteElo "2553"]
[BlackElo "2695"]
[PlyCount "62"]
[EventDate "2003.??.??"]
[Source "Chess Informant"]
[SourceDate "2003.10.01"]

1. e4 e5 2. Nf3 Nc6 3. Bb5 a6 4. Ba4 d6 5. O-O Bg4 6. h3 h5 7. d4 b5 8. Bb3 Nxd4 9. hxg4 Nxb3 10. axb3 hxg4 11. Ng5 Qd7 12. c4 Rb8 13. Qd5 c6 14. Qxf7+ Qxf7 15. Nxf7 Kxf7 16. Rxa6 Nf6 17. Re1 bxc4 18. bxc4 d5 19. Rxc6 Bb4 20. Rd1 d4 21. Rc7+ Kg6 22. f3 g3 23. Nd2 Bxd2 24. Bxd2 Rh2 25. Be1 Rxb2 26. Bd2 Nh5 27. c5 Nf4 28. Bxf4 exf4 29. c6 Rbxg2+ 30. Kf1 Rc2 31. Kg1 Rh5 0-1

[Event "Plovdiv"]
[Site "Plovdiv"]
[Date "2003.??.??"]
[Round "?"]
[White "Khalifman, A."]
[Black "Sermek, D."]
[Result "1/2-1/2"]
[WhiteElo "2678"]
[BlackElo "2568"]
[PlyCount "35"]
[EventDate "2003.??.??"]
[Source "Chess Informant"]
[SourceDate "2003.10.01"]

1. e4 e5 2. Nf3 Nc6 3. Bb5 a6 4. Ba4 d6 5. O-O Bg4 6. h3 h5 7. Bxc6+ bxc6 8. d4 Bxf3 9. Qxf3 exd4 10. Rd1 Qf6 11. Qb3 Ne7 12. c3 Qe6 13. cxd4 Qxb3 14. axb3 g6 15. Be3 Bg7 16. Ra4 Kd7 17. Nd2 Rhe8 18. f3 1/2-1/2

[Event "Deutschland"]
[Site "?"]
[Date "1996.??.??"]
[Round "?"]
[White "Kindermann, S."]
[Black "Jussupow, A."]
[Result "0-1"]
[WhiteElo "2565"]
[BlackElo "2680"]
[PlyCount "164"]
[EventDate "1996.??.??"]
[Source "ChessBase"]
[SourceDate "1996.02.01"]

1. e4 e5 2. Nf3 Nc6 3. Bb5 a6 4. Ba4 d6 5. O-O Bg4 6. h3 h5 7. d4 b5 8. Bb3 Nxd4 9. hxg4 hxg4 10. Ng5 Nh6 11. g3 Be7 12. f4 c6 13. Be3 Nxb3 14. cxb3 d5 15. Qc1 Rc8 16. fxe5 d4 17. Rd1 dxe3 18. Rxd8+ Rxd8 19. Qxc6+ Kf8 20. Nc3 Bxg5 21. e6 Kg8 22. Qc5 f6 23. Nd5 Kh7 24. Re1 Rhe8 25. Nc7 Rc8 26. e7 f5 27. Nxe8 Rxc5 28. Nf6+ Bxf6 29. e8=Q Re5 30. Qc6 Rxe4 31. Qxa6 b4 32. Re2 Nf7 33. a4 Ng5 34. a5 Nf3+ 35. Kg2 Nd4 36. Qd3 Nxe2 37. Qxe2 Bxb2 38. a6 Bd4 39. Kf1 Re7 40. Ke1 Bc3+ 41. Kd1 Kg6 42. Kc2 Bd4 43. Kd3 Ba7 44. Kc4 Re4+ 45. Kd5 Kg5 46. Kc6 Re5 47. Kb7 Bd4 48. Kc6 Kf6 49. Kd6 Bc5+ 50. Kc6 Ba7 51. Kd6 Re6+ 52. Kd7 Bd4 53. Qc4 Re7+ 54. Kc6 Be5 55. Qe2 Bxg3 56. a7 Rxa7 57. Qxe3 Rc7+ 58. Kb5 Bd6 59. Qd4+ Ke6 60. Qe3+ Kf7 61. Qd3 Ke6 62. Qe3+ Be5 63. Qg5 Rb7+ 64. Kc6 Rb8 65. Kc5 Bf6 66. Qf4 Be7+ 67. Kd4 Rd8+ 68. Ke3 Kf6 69. Ke2 Rd6 70. Kf1 Rd3 71. Qc4 Rc3 72. Qd4+ Kg6 73. Qd5 Bf6 74. Qe6 Kg5 75. Qd5 Kh4 76. Qh1+ Rh3 77. Qd5 f4 78. Qc4 Rc3 79. Qd5 Rc1+ 80. Kf2 Rc2+ 81. Kg1 f3 82. Kf1 Kh3 0-1

[Event "Eupen Open act"]
[Site "Eupen BEL"]
[Date "1994.??.??"]
[Round "6"]
[White "Khalifman, Alexander V"]
[Black "Arbakov, Valentin"]
[Result "1-0"]
[WhiteElo "2660"]
[BlackElo "2575"]
[PlyCount "53"]
[EventDate "1994.??.??"]
[Source "www.chesslib.no"]
[SourceDate "2004.05.04"]

1. e4 e5 2. Nf3 Nc6 3. Bb5 a6 4. Ba4 d6 5. O-O Bd7 6. d4 b5 7. Bb3 Nxd4 8. Nxd4 exd4 9. c3 dxc3 10. Qh5 Qe7 11. Nxc3 c6 12. Bf4 Nf6 13. Qf3 Ng4 14. Rad1 Qf6 15. Qg3 Ne5 16. Bg5 Qg6 17. f4 Ng4 18. h3 h6 19. Bh4 Nf6 20. Qe3 Qh5 21. e5 dxe5 22. fxe5 Be6 23. Bxf6 gxf6 24. Ne4 Be7 25. exf6 Bd8 26. Bxe6 fxe6 27. f7+ 1-0

[Event "Reykjavik"]
[Site "?"]
[Date "2000.??.??"]
[Round "?"]
[White "De Firmian, N."]
[Black "Timman, J."]
[Result "1/2-1/2"]
[WhiteElo "2570"]
[BlackElo "2655"]
[PlyCount "61"]
[EventDate "2000.??.??"]
[Source "Chess Informant"]
[SourceDate "2000.02.01"]

1. e4 e5 2. Nf3 Nc6 3. Bb5 a6 4. Ba4 d6 5. O-O Bg4 6. h3 h5 7. d4 b5 8. Bb3 Nxd4 9. hxg4 hxg4 10. Ng5 Nh6 11. Bd5 c6 12. c3 cxd5 13. cxd4 Be7 14. Qd2 dxe4 15. dxe5 d5 16. Nc3 e3 17. Qxd5 Bxg5 18. Qc6+ Kf8 19. Bxe3 Bxe3 20. fxe3 Qe8 21. Qd6+ Kg8 22. Rad1 g3 23. Nd5 Kh7 24. Rf6 Ng4 25. Rd4 Rd8 26. Rxg4 Rxd6 27. exd6 Kg8 28. Ne7+ Kf8 29. Ng6+ Kg8 30. Ne7+ Kf8 31. Ng6+ 1/2-1/2

[Event "Wijk aan Zee (open)"]
[Site "?"]
[Date "1993.??.??"]
[Round "?"]
[White "Adams, M."]
[Black "Piket, Je"]
[Result "1-0"]
[WhiteElo "2630"]
[BlackElo "2590"]
[PlyCount "67"]
[EventDate "1993.??.??"]
[Source "ChessBase"]
[SourceDate "1992.10.01"]

1. e4 e5 2. Nf3 Nc6 3. Bb5 a6 4. Ba4 d6 5. O-O Bg4 6. h3 h5 7. c3 Qf6 8. d3 Bxf3 9. Qxf3 Qxf3 10. gxf3 Nge7 11. f4 O-O-O 12. Bb3 exf4 13. Bxf4 d5 14. Nd2 g5 15. Be3 Bh6 16. d4 f5 17. exf5 Nxf5 18. Rae1 g4 19. Bxh6 Rxh6 20. Kh2 Rf6 21. Re2 Rdf8 22. Bxd5 Nfxd4 23. cxd4 Nxd4 24. Ree1 Rxf2+ 25. Bg2 R8f5 26. Re8+ Kd7 27. Re4 c5 28. Rd1 Kc7 29. Kh1 Rf7 30. Re5 b6 31. h4 Nf5 32. Ne4 Rxb2 33. Ng5 Nxh4 34. Ne6+ 1-0

[Event "RUS"]
[Site "?"]
[Date "2006.04.20"]
[Round "1"]
[White "Korneev Oleg"]
[Black "Yandemirov Valeri"]
[Result "1/2-1/2"]
[WhiteElo "2671"]
[BlackElo "2520"]
[PlyCount "65"]
[EventDate "2006.??.??"]
[Source "www.chesslib.no"]
[SourceDate "2004.05.04"]

1. e4 e5 2. Nf3 Nc6 3. Bb5 a6 4. Ba4 d6 5. O-O Bg4 6. h3 h5 7. d4 b5 8. Bb3 Nxd4 9. hxg4 Nxb3 10. axb3 hxg4 11. Ng5 Qd7 12. c4 Rb8 13. Nc3 f6 14. Rxa6 fxg5 15. Nxb5 Nf6 16. Ra7 Rc8 17. Re1 Qf7 18. Be3 Qh5 19. Kf1 Kd7 20. b4 Qh1+ 21. Ke2 Qxg2 22. Qa4 Ke6 23. Nxc7+ Kf7 24. Nd5+ Kg6 25. Nxf6 gxf6 26. Kd3 d5 27. exd5 g3 28. Qd7 gxf2 29. Qf7+ Kf5 30. Qe6+ Kg6 31. Qf7+ Kf5 32. Qe6+ Kg6 33. Qf7+ 1/2-1/2

[Event "TCh-RUS"]
[Site "Togliatti"]
[Date "2003.05.22"]
[Round "7"]
[White "Svidler, Peter"]
[Black "Yandemirov, Valeri"]
[Result "1/2-1/2"]
[WhiteElo "2713"]
[BlackElo "2475"]
[PlyCount "101"]
[EventDate "2003.05.16"]
[Source "Roberto Alvarez"]
[SourceDate "2003.05.26"]

1. e4 e5 2. Nf3 Nc6 3. Bb5 a6 4. Ba4 d6 5. O-O Bg4 6. h3 h5 7. Bxc6+ bxc6 8. d4 Bxf3 9. Qxf3 exd4 10. Rd1 Qf6 11. Qb3 Ne7 12. c3 Qe6 13. Qb7 Qc8 14. Qxc8+ Rxc8 15. cxd4 f5 16. e5 Nd5 17. Nd2 Kd7 18. Nf3 Be7 19. Re1 Rhg8 20. h4 Rb8 21. b3 f4 22. Bd2 g5 23. hxg5 Bxg5 24. Rac1 Be7 25. Re4 Rg6 26. Bxf4 Rg4 27. e6+ Kc8 28. g3 Kb7 29. Nh2 Rg6 30. Bd2 h4 31. g4 Nf6 32. Rf4 Nd5 33. Rf5 Rxe6 34. Re1 Rxe1+ 35. Bxe1 Bf6 36. Bd2 Bxd4 37. Nf3 Bb2 38. Nxh4 Re8 39. g5 Re4 40. Nf3 Ne7 41. Rf7 c5 42. Kf1 d5 43. Ba5 Kc6 44. Nd2 Re6 45. f4 Kd6 46. f5 Re5 47. f6 Rf5+ 48. Ke2 Ng6 49. Rxc7 Rxg5 50. f7 Re5+ 51. Kd1 1/2-1/2

[Event "Moscow ol (Men)"]
[Site "Moscow"]
[Date "1994.??.??"]
[Round "2"]
[White "Hracek, Zbynek"]
[Black "Jussupow, Artur"]
[Result "1/2-1/2"]
[WhiteElo "2530"]
[BlackElo "2655"]
[PlyCount "59"]
[EventDate "1994.11.??"]
[Source "ChessBase"]

1. e4 e5 2. Nf3 Nc6 3. Bb5 a6 4. Ba4 d6 5. O-O Bd7 6. d4 Nxd4 7. Bxd7+ Qxd7 8. Nxd4 exd4 9. Qxd4 Ne7 10. b3 Nc6 11. Qd2 Be7 12. Bb2 O-O 13. c4 Rae8 14. Nc3 Bf6 15. Rad1 Qc8 16. Rfe1 Bd4 17. Nd5 Bxb2 18. Qxb2 Ne7 19. Ne3 f5 20. exf5 Nxf5 21. Nxf5 Qxf5 22. Qd4 Re6 23. Rxe6 Qxe6 24. g3 Re8 25. c5 dxc5 26. Qxc5 Qf7 27. Kg2 h6 28. Rd4 c6 29. Rf4 Qe6 30. h4 1/2-1/2

[Event "Aeroflot Open 2008"]
[Site "Moscu RUS"]
[Date "2008.02.15"]
[Round "2.24"]
[White "Volokitin, Andrei"]
[Black "Safarli, Eltaj"]
[Result "1-0"]
[WhiteElo "2674"]
[BlackElo "2496"]
[PlyCount "97"]
[EventDate "2008.02.14"]
[Source "www.chesslib.no"]
[SourceDate "2004.05.04"]

1. e4 e5 2. Nf3 Nc6 3. Bb5 a6 4. Ba4 d6 5. O-O Bd7 6. d4 exd4 7. Nxd4 b5 8. Nxc6 Bxc6 9. Bb3 Nf6 10. c4 Be7 11. Nc3 O-O 12. Re1 Re8 13. Bf4 Rb8 14. Qc2 Nh5 15. Be3 bxc4 16. Bxc4 Bg5 17. Qe2 Bxe3 18. Qxh5 Bxf2+ 19. Kxf2 Qf6+ 20. Ke3 Rxb2 21. Kd3 Rf2 22. Rab1 g6 23. Qh3 Kg7 24. Re3 Qe5 25. Qg3 Rf4 26. Bd5 Bd7 27. Ne2 Rg4 28. Qxe5+ Rxe5 29. Rb7 Bb5+ 30. Kd2 Rxg2 31. Rxc7 Rxh2 32. Rxf7+ Kh6 33. Ke1 Rg5 34. Rf2 Rgh5 35. Nd4 Bd7 36. Ra3 Rxf2 37. Kxf2 Rh2+ 38. Kg1 Rb2 39. Rxa6 Kg5 40. Rxd6 Bg4 41. e5 Kf4 42. e6 Kg3 43. Bc4 Rb1+ 44. Bf1 Re1 45. Rb6 h5 46. Rb3+ Kf4 47. Kf2 Re5 48. Rb4 Kg5 49. Rb5 1-0

[Event "CRO-chT"]
[Site "Medulin"]
[Date "1997.??.??"]
[Round "?"]
[White "Palac, Mladen"]
[Black "Sermek, Drazen"]
[Result "1/2-1/2"]
[WhiteElo "2595"]
[BlackElo "2575"]
[PlyCount "37"]
[EventDate "1997.??.??"]
[Source "www.chesslib.no"]
[SourceDate "2004.05.04"]

1. e4 e5 2. Nf3 Nc6 3. Bb5 a6 4. Ba4 d6 5. O-O Bg4 6. h3 h5 7. Bxc6+ bxc6 8. d4 Bxf3 9. Qxf3 exd4 10. Rd1 Qf6 11. Qb3 Ne7 12. c3 Qe6 13. Rxd4 g6 14. Bg5 Bg7 15. Ra4 Qd7 16. Qa3 Qc8 17. Bxe7 Kxe7 18. Nd2 Re8 19. Rc4 1/2-1/2

[Event "Amsterdam"]
[Site "?"]
[Date "1996.??.??"]
[Round "?"]
[White "de Firmian, N."]
[Black "Timman, J."]
[Result "1/2-1/2"]
[WhiteElo "2575"]
[BlackElo "2590"]
[PlyCount "80"]
[EventDate "1996.??.??"]
[Source "ChessBase"]
[SourceDate "1996.06.01"]

1. e4 e5 2. Nf3 Nc6 3. Bb5 a6 4. Ba4 d6 5. O-O Bd7 6. d4 Nxd4 7. Bxd7+ Qxd7 8. Nxd4 exd4 9. Qxd4 Nf6 10. Nc3 Be7 11. b3 O-O 12. Bb2 Rae8 13. Rae1 Bd8 14. f4 c6 15. Rd1 Bc7 16. e5 Qd8 17. Na4 dxe5 18. fxe5 Qxd4+ 19. Bxd4 Nd7 20. Nc5 Re7 21. e6 fxe6 22. Nxb7 Rxf1+ 23. Rxf1 e5 24. Bf2 e4 25. Re1 Nf6 26. Nc5 Bb6 27. b4 Nd5 28. Nxe4 Bxf2+ 29. Kxf2 Nxb4 30. Nc5 Rf7+ 31. Kg3 Rf5 32. c3 Rxc5 33. cxb4 Rc3+ 34. Kf2 Rc4 35. a3 Kf7 36. Re3 c5 37. bxc5 Rxc5 38. Kf3 Kf6 39. h3 Rf5+ 40. Kg3 Ra5 1/2-1/2

[Event "Warsaw"]
[Site "?"]
[Date "2005.06.23"]
[Round "6"]
[White "Fedorov Alexei"]
[Black "Winants Luc"]
[Result "1-0"]
[WhiteElo "2602"]
[BlackElo "2535"]
[PlyCount "63"]
[EventDate "2005.??.??"]
[Source "www.chesslib.no"]
[SourceDate "2004.05.04"]

1. e4 e5 2. Nf3 Nc6 3. Bb5 a6 4. Ba4 d6 5. O-O Bg4 6. h3 h5 7. Bxc6+ bxc6 8. d4 Bxf3 9. Qxf3 exd4 10. Rd1 Qd7 11. c3 dxc3 12. Nxc3 Ne7 13. Ne2 g6 14. Qc3 Rg8 15. f4 Bg7 16. Qc2 c5 17. Be3 Qb5 18. Rab1 Nc6 19. a3 a5 20. e5 O-O-O 21. Nc3 Qb7 22. b4 axb4 23. Nd5 Rge8 24. axb4 Nd4 25. Bxd4 cxd4 26. Rxd4 Rd7 27. Qa4 Red8 28. Rbd1 Kb8 29. Ne3 Qa7 30. Qc6 Qb6 31. b5 Kc8 32. Ra1 1-0

[Event "Graz"]
[Site "?"]
[Date "2006.11.03"]
[Round "1"]
[White "Sprenger Jan Michael"]
[Black "Luther Thomas"]
[Result "1/2-1/2"]
[WhiteElo "2525"]
[BlackElo "2594"]
[PlyCount "67"]
[EventDate "2006.??.??"]
[Source "www.chesslib.no"]
[SourceDate "2004.05.04"]

1. e4 e5 2. Nf3 Nc6 3. Bb5 a6 4. Ba4 d6 5. O-O Bd7 6. Re1 g5 7. d4 g4 8. d5 Nce7 9. Bxd7+ Qxd7 10. Nfd2 h5 11. c4 Bh6 12. Nc3 Ng6 13. b4 N8e7 14. c5 Bxd2 15. Bxd2 f5 16. cxd6 cxd6 17. exf5 Nxf5 18. Ne4 O-O 19. Rc1 Qg7 20. Rc3 Rac8 21. Rxc8 Rxc8 22. Bg5 Nf8 23. h3 Nh7 24. hxg4 Nxg5 25. gxf5 Nxe4 26. Rxe4 Qg5 27. Re3 Kf7 28. g3 Kf6 29. Kg2 b5 30. a4 Qg4 31. Qa1 Qc4 32. Qd1 Qg4 33. Qa1 Qc4 34. Qd1 1/2-1/2

[Event "Calviá ol (Men)"]
[Site "Mallorca"]
[Date "2004.10.19"]
[Round "5.18"]
[White "Azarov, Sergei"]
[Black "Sermek, Drazen"]
[Result "1-0"]
[WhiteElo "2556"]
[BlackElo "2547"]
[PlyCount "78"]
[EventDate "2004.10.15"]
[Source "Roberto Alvarez"]
[SourceDate "2004.10.25"]

1. e4 e5 2. Nf3 Nc6 3. Bb5 a6 4. Ba4 d6 5. O-O Bg4 6. h3 h5 7. Bxc6+ bxc6 8. d4 Bxf3 9. Qxf3 exd4 10. Rd1 Qf6 11. Qb3 Ne7 12. Qb7 Rc8 13. c3 dxc3 14. Nxc3 g6 15. Be3 Qe6 16. Bd4 f6 17. f4 Bg7 18. f5 Qf7 19. Qxa6 O-O 20. Qd3 Rb8 21. b3 c5 22. Bf2 gxf5 23. exf5 Rb4 24. Re1 Nc6 25. Re6 Ne5 26. Qc2 Re8 27. Rxe8+ Qxe8 28. Nd5 Rb7 29. Rd1 Qf7 30. Qe2 Bh6 31. Qa6 Rb8 32. Qa7 Nc6 33. Qxc7 Qxc7 34. Nxc7 Bf4 35. Nd5 Be5 36. Nxf6+ Kf7 37. Nd7 Rg8 38. Nxe5+ Nxe5 39. Rxd6 Nf3+ 1-0

[Event "Camp. bielorusso 2008"]
[Site "Minsk BLR"]
[Date "2008.01.17"]
[Round "8"]
[White "Azarov, Sergei"]
[Black "Teterev, Vitaly"]
[Result "1-0"]
[WhiteElo "2594"]
[BlackElo "2507"]
[PlyCount "111"]
[EventDate "2008.01.10"]
[Source "www.chesslib.no"]
[SourceDate "2004.05.04"]

1. e4 e5 2. Nf3 Nc6 3. Bb5 a6 4. Ba4 d6 5. O-O Bd7 6. d4 Nxd4 7. Bxd7+ Qxd7 8. Nxd4 exd4 9. Qxd4 Nf6 10. Bg5 Be7 11. Nc3 Qg4 12. f4 h6 13. h3 Qh5 14. Bxf6 Bxf6 15. e5 dxe5 16. fxe5 Bg5 17. Qc5 Bd8 18. Nd5 Qg6 19. e6 fxe6 20. Rae1 Kd7 21. Nf4 Qg5 22. Qd4+ Kc8 23. Nxe6 Bf6 24. Qc4 Qa5 25. Nxg7 Qb6+ 26. Kh1 Bxg7 27. Qg4+ Kb8 28. Qxg7 Ka7 29. Re7 Rhg8 30. Qf6 Rg6 31. Qxb6+ Rxb6 32. b3 Rc6 33. Rf2 Rg8 34. Kh2 Rg5 35. Ref7 Ra5 36. c4 b5 37. R7f5 Kb6 38. c5+ Kb7 39. g4 b4 40. Rc2 Ra3 41. Kg3 a5 42. Kh4 Ka6 43. Rf8 Ka7 44. Kh5 a4 45. Rf3 Ka6 46. h4 Kb5 47. bxa4+ Rxa4 48. Rf8 Rxc5+ 49. Rf5 Rxf5+ 50. gxf5 Ra6 51. Rxc7 Rxa2 52. f6 Rf2 53. Kg6 b3 54. f7 h5 55. Rc8 b2 56. Rb8+ 1-0

[Event "Groningen"]
[Site "Groningen"]
[Date "1992.??.??"]
[Round "8"]
[White "Klovans, Janis"]
[Black "Piket, Jeroen"]
[Result "0-1"]
[WhiteElo "2470"]
[BlackElo "2625"]
[PlyCount "58"]
[EventDate "1992.12.??"]
[Source "ChessBase"]

1. e4 e5 2. Nf3 Nc6 3. Bb5 a6 4. Ba4 d6 5. O-O Bd7 6. d4 Nge7 7. d5 Nb8 8. c4 Ng6 9. Nc3 Be7 10. Be3 O-O 11. b4 Bxa4 12. Nxa4 Nd7 13. c5 f5 14. exf5 Rxf5 15. Rc1 Nf6 16. Nc3 Qd7 17. Ng5 Nf4 18. c6 bxc6 19. dxc6 Qxc6 20. Bxf4 exf4 21. Nce4 Qd7 22. Qb3+ d5 23. Rfd1 Nxe4 24. Nxe4 c6 25. Nd2 Rb8 26. a3 a5 27. Qd3 axb4 28. axb4 Bxb4 29. Nf3 c5 0-1

[Event "Horgen-B"]
[Site "Horgen"]
[Date "1995.??.??"]
[Round "6"]
[White "Kindermann, Stefan"]
[Black "Brunner, Lucas"]
[Result "1-0"]
[WhiteElo "2565"]
[BlackElo "2530"]
[PlyCount "57"]
[EventDate "1995.10.??"]
[Source "ChessBase"]

1. e4 e5 2. Nf3 Nc6 3. Bb5 a6 4. Ba4 d6 5. O-O Bd7 6. d4 Nxd4 7. Bxd7+ Qxd7 8. Nxd4 exd4 9. Qxd4 Ne7 10. b3 Nc6 11. Qe3 Be7 12. Bb2 O-O 13. Qg3 f6 14. Nc3 Rae8 15. Nd5 Bd8 16. Rae1 Kh8 17. Re3 Ne5 18. h3 c6 19. Nf4 f5 20. exf5 Qxf5 21. Nd3 Ng6 22. Rxe8 Rxe8 23. Qxd6 Bb6 24. Qb4 Qb5 25. Qc3 Rg8 26. Re1 Qf5 27. Qb4 Qb5 28. Qg4 Qd5 29. h4 1-0